| 000 | 01069nam a2200337 i 4500 | ||
|---|---|---|---|
| 001 | bgj | ||
| 245 | 0 |
_aBlack Thunder : _ban anthology of contemporary African American drama / _cedited with an introduction by William B. Branch. |
|
| 260 |
_aNew York [etc.] : _bMentor, _c1992. |
||
| 300 |
_aXXXV, 520 pp ; _c18 cm. |
||
| 504 | _aIncludes bibliographical references. | ||
| 650 | 9 |
_aAmerican drama _xAfrican American authors |
|
| 650 | 9 |
_aAmerican drama _y20th century |
|
| 650 | 9 | _aAfrican Americans | |
| 655 | _aDrama | ||
| 700 | 1 |
_aBRANCH, William B. _eeditor |
|
| 740 | 0 | 2 | _aThe Colored Museum |
| 740 | 0 | 2 | _aThe First Breeze of Summer |
| 740 | 0 | 2 | _aEden |
| 740 | 0 | 2 | _aGeneral Hag's Skeezag |
| 740 | 0 | 2 | _aLong Time Since Yesterday |
| 740 | 0 | 2 | _aBaccalaureate |
| 740 | 0 | 2 | _aSherlock Holmes and the Hands of Othello |
| 740 | 0 | 2 | _aThe taking of Miss Janie |
| 740 | 0 | 2 | _aMa Rainey's Black Bottom |
| 020 | _a0451628446 | ||
| 040 | _cBPK | ||
| 041 | 0 | _aeng | |
| 920 | _a0-451-62844-6 | ||
| 942 | _cKS | ||
| 008 | s uk f |000 0 eng | ||
| 999 |
_c47978 _d47978 |
||